header

The problem of assessment in art and design (Record no. 132486)

MARC details
000 -LEADER
fixed length control field 01327nam a2200325 a 4500
245 04 - TITLE STATEMENT
Title The problem of assessment in art and design
260 ## - PUBLICATION, DISTRIBUTION, ETC. (IMPRINT)
Place of publication Bristol :
Name of publisher Intellect,
Year of publication 2007.
300 ## - PHYSICAL DESCRIPTION
Number of Pages 124 p. :
Other physical details ill.
490 1# - SERIES STATEMENT
Series statement Readings in art & design education series,
650 #0 - SUBJECT ADDED ENTRY--TOPICAL TERM
Topical Term Art
Topical Term Design
700 1# - ADDED ENTRY--PERSONAL NAME
Personal name Rayment, Trevor.
856 40 - ELECTRONIC LOCATION AND ACCESS
Uniform Resource Identifier http://site.ebrary.com/lib/rucke/Doc?id=10161036

No items available.

© 2026 Rongo University
Contact us: librarian | system librarian | Rongo university